| 000 | 00635nam a2200193 i 4500 | ||
|---|---|---|---|
| 001 | 56313 | ||
| 003 | ES-MaACL | ||
| 005 | 20230906163329.0 | ||
| 007 | t| | ||
| 008 | 031007s1972 sp d 00110 spa d | ||
| 080 | _a343(460)(038) | ||
| 245 | 0 | 0 |
_aDiccionario de jurisprudencia penal : _bcien años de jurisprudencia criminal del Tribunal Supremo. _n2. |
| 260 |
_aPamplona : _bAranzadi, _c1972. |
||
| 300 |
_a1 v. (1748 p.) ; _c24 cm. |
||
| 505 | 8 | _aContiene: 2. Del-Imp | |
| 650 | 4 |
_aDerecho penal- _zEspaña- _vDiccionarios. _911753 |
|
| 650 | 4 |
_aJurisprudencia penal- _zEspaña- _vDiccionarios. _9136330 |
|
| 852 | 4 |
_aES-MaACL _jP-1603 |
|
| 999 |
_c56313 _d56313 |
||